=LDR 00000nam 2200000 4500 =001 INLIS000000000012271 =005 20130612103814 =008 ***********************************Ind** =035 ##$$0010-061300000012271 =041 ##$$a Ind =082 ##$$a 574.5 =090 ##$$a 574.5, Nau m =100 ##$$a Nauman, Indah jaya =245 ##$$a Mengenal laut kita, Bagian dari lingkungan hidup, Indra Jaya Nauman =260 ##$$a 1996 $b Padang =300 ##$$a viii, 84 hlm, Ilus, 21 cm =650 ##$$a Ekologi laut =650 ##$$a Indonesia (Bacaan Remaja) =850 ##$$a NBPNMAT